Statistics for 50 biggest chinese cities

Click here to take the quiz!

General Stats

  • This quiz has been taken 503 times
  • The average score is 20 of 50

Answer Stats

Answer% Correct
2Beijing
97%
25Shanghai
97%
15Guangzhou
92%
18Hong Kong
86%
7Tianjin
81%
16Xian
78%
35Chengdu
75%
19Chongqing
74%
20Wuhan
73%
27Nanjing
71%
14Shenzhen
71%
3Harbin
70%
17Hangzhou
69%
42Urumqi
65%
4Shenyang
62%
8Qingdao
60%
11Dalian
58%
30Taipei
58%
12Zhengzhou
49%
34Changsha
48%
28Hefei
46%
24Nanning
40%
9Jinan
36%
26Dongguan
34%
43Lhasa
32%
1Ningbo
31%
48Wuxi
31%
45Lanzhou
30%
21Shijiazhuang
30%
29Nanchang
26%
10Taiyuan
26%
39Jilin
23%
22Guiyang
19%
44Xuzhou
18%
33Taichung
17%
36Hohhot
16%
13Luoyang
16%
37Baotou
15%
31Koushioung
14%
32Tainan
14%
47Datong
8%
23Kumming
8%
40Kaifeng
7%
5Qiqihar
5%
46Fushan
4%
6Tanshan
3%
38Chifeng
2%
50Hengyang
2%
49Pingdingshan
2%
41Zigong
1%

Score Distribution

Percentile by Number Answered

Percent of People with Each Score

Your Score History

You have not taken this quiz